000 00559nam a2200205Ia 4500
001 13636
003 GE_BSU
008 181216s||||||||xx |||||||||||||| ||und||
040 _cGE_BSU
245 _aGüvenlık Stratejılerı Dergısı. October 2013. 18
245 4 _bThe Journal of Securıty Strategıes
245 _cEditör Karaca R.Kutay
260 _aIstanbul
260 _c2013
300 _a244p.24cm.
520 _aნაჩუქარი
653 _aGüvenlık Stratejılerı Dergısı
653 _aპერიოდიკა
942 _cCR
999 _c46790
_d46790